MARXISM, COMMUNISM AND WESTERN SOCIETY : A COMPARATIVE ENCYCLOPEDIA /
CONTENIDO: V.1 ABSOLUTISM TO CIVIL WAR.-- V.2 CLASS, CLASSSTRUGGLE TO DISPROPORTIONS.-- V.3 DISTRIBUTION TO FOREIGN POLICY.-- V.4 FOREIGN TRADE LAW TO JUDICIAL SYSTEM.-- V.5 KAUTSKY TO MUNICH AGREEMENT.-- V.6 NATIONAL ACCOUNTING TO PRIMITIVE SOCIETY.-- V.7 PRINCIPLE TO SOCIALIST PATRIOTISM.-- V.8 SO...
Guardado en:
| Andre forfattere: | |
|---|---|
| Format: | Bog |
| Fag: | |
| Tags: |
Ingen Tags, Vær først til at tagge denne postø!
|
MARC
| LEADER | 00000nam^a2200000^a^4500 | ||
|---|---|---|---|
| 001 | 000221363 | ||
| 005 | 20250521000000.0 | ||
| 009 | 20260310103915.377 | ||
| 035 | |a 038006 | ||
| 037 | |a Acervo Xavier Clavigero | ||
| 082 | |a 335. 403 |b MAR | ||
| 245 | 1 | 0 | |a MARXISM, COMMUNISM AND WESTERN SOCIETY : |b A COMPARATIVE ENCYCLOPEDIA / |c ED. C.D. KERNIG |
| 264 | |a NEW YORK : |b HERDER AND HERDER, |c 1972 | ||
| 300 | |a 8 v. | ||
| 336 | |a texto |b txt |2 rdacontenido | ||
| 337 | |a sin mediación |b n |2 rdamedio | ||
| 338 | |a volumen |b nc |2 rdasoporte | ||
| 520 | |a CONTENIDO: V.1 ABSOLUTISM TO CIVIL WAR.-- V.2 CLASS, CLASSSTRUGGLE TO DISPROPORTIONS.-- V.3 DISTRIBUTION TO FOREIGN POLICY.-- V.4 FOREIGN TRADE LAW TO JUDICIAL SYSTEM.-- V.5 KAUTSKY TO MUNICH AGREEMENT.-- V.6 NATIONAL ACCOUNTING TO PRIMITIVE SOCIETY.-- V.7 PRINCIPLE TO SOCIALIST PATRIOTISM.-- V.8 SOCIALIST REALISM TO ZIONISM | ||
| 649 | |a XX | ||
| 650 | |a Comunismo - |x Enciclopedias y Diccionarios | ||
| 650 | |a Comunismo | ||
| 650 | |||
| 700 | |a Kernig, C.D. |e (edición) | ||
| 910 | |a Fondo General | ||
| 920 | |a Impresos - Libros | ||
| 930 | |a Obras de Referencia | ||
| 905 | |a 102 | ||
| 901 | |a 038006 |b IT2 |c REF |i 038006 |u 20250521 | ||
| 901 | |a 038004 |b IT2 |c REF |i 038004 |u 20250521 | ||
| 901 | |a 038005 |b IT2 |c REF |i 038005 |u 20250521 | ||
| 901 | |a 038010 |b IT2 |c REF |i 038010 |u 20250521 | ||
| 901 | |a 038009 |b IT2 |c REF |i 038009 |u 20250521 | ||
| 901 | |a 038007 |b IT2 |c REF |i 038007 |u 20250521 | ||
| 901 | |a 038003 |b IT2 |c REF |i 038003 |u 20250521 | ||
| 901 | |a 038008 |b IT2 |c REF |i 038008 |u 20250521 | ||
| 902 | |a https://opac.biblio.iteso.mx/vufind/Record/000221363 | ||